Valtiot, joilla on eniten aikavyöhykkeitä - Statistics

Yleistilastot
  • Tätä visaa on pelattu 616 kertaa
  • Keskiarvotulos 9 / 13
Vastaustilastot
# Valtio % Oikein
11 Yhdysvallat
100%
11 Venäjä
99%
6 Kanada
95%
9 Australia
92%
4 Brasilia
90%
12 Ranska
78%
4 Meksiko
73%
3 Indonesia
68%
9 Yhdistynyt kuningaskunta
67%
5 Tanska
46%
5 Uusi-Seelanti
45%
3 Chile
32%
3 Kiribati
27%
Ehtoja vastaavia visoja ei löytynyt
Tulosjakauma
Jokaisen tuloksen saaneiden osuus
Persentiili vastausten määrän mukaan
Tuloshistoriasi
Et ole pelannut tätä visaa